00615nam a2200157 a 450000100100000000500170001000800410002704000250006808200150009310000410010824500460014926000380019530000210023395201860025499900170044000003516320200930074139.0111025s1983 xxu 000 0 spa d aDO-SdBNPbspacBNPHU axxxxbxxxx1 aSocarras Blanco, Miguel Angel96088810aVisiones /cMiguel Angel Socarras Blanco. aEE.UU., :bAmerican Press,c1983. a20 cm. ;c22 cm. 001050718MOaGRbGRcHDd2011-10-25iLF1l0oxxxx xxxxp35163-10r2020-06-25w2020-06-25y1zPerteneció a la biblioteca personal de Juan Isidro Jimenes Grullón.ZNo se presta c34654d34654